| 000 | 00447nam a2200121Ia 4500 | ||
|---|---|---|---|
| 008 | 210430s9999 xx 000 0 und d | ||
| 082 | _a660 C 853 C | ||
| 100 |
_aJ. R. Backhurst, J. H. Harker, J.F. Richardson _9127643 |
||
| 245 |
_aCoulson & Richardson's Chemical Engineering Solutions for the problems in chemical engineering Volume-1 / _cJ.M.Coulson and J.F Richardson |
||
| 260 |
_aIndia _bHeinemann _c2001 |
||
| 300 | _a332p | ||
| 942 |
_cBK _2ddc |
||
| 999 |
_c562379 _d562379 |
||